IMIĘ DAMSKIE ROZPOCZYNAJĄCE SIĘ I KOŃCZĄCE NA TĄ SAMA LITERĘ - Statystyki

Ogólne statystyki
  • Ten quiz został rozwiązany 696 razy
    260 od ostatniego zresetowania
  • Średni wynik to 6 z 11
Statystyki odpowiedzi
Odpowiedź % Poprawnych
ANNA
97%
ALICJA
74%
AGNIESZKA
66%
AMELIA
65%
ALEKSANDRA
57%
AGATA
54%
ANETA
52%
ANASTAZJA
51%
ADRIANNA
44%
ANITA
42%
ANGELIKA
33%
Nie znaleziono quizów pasujących do podanych kryteriów
Rozkład punktacji
Procent ludzi z każdym wynikiem
Percentyl według liczby udzielonych odpowiedzi
Twoja historia wyników
Nie rozwiązałeś tego quizu od ostatniego zresetowania